| 000 | 01331cab a2200325 4500 | ||
|---|---|---|---|
| 001 | WB3108-43 | ||
| 008 | 090401t1995 xxu||||| |||| 00| 0 eng d | ||
| 035 | _a(Sirsi) u9728 | ||
| 041 | _aeng | ||
| 245 | _aDamages recovered from negligent valuer | ||
| 260 | _c1995 | ||
| 350 | _a0 | ||
| 490 |
_aTimes _v21 February 1995, 36 |
||
| 490 |
_aFinancial Times _v22 February 1995, 12 |
||
| 490 |
_aProperty Week _v50(8) 23 February 1995, 5(4) |
||
| 520 | _a"Banque Bruxelles Lambert SA v Eagle Star Insurance Co Ltd and others" CA 20 February 1995. Held that the lender could recover damages from the valuer, who negligently overvalued a property, and this also included further losses suffered by the lender when selling the property in a falling market after the borrower defaulted. | ||
| 650 | _aBNP MORTGAGES LTD V GOADSBY & HARDING LTD | ||
| 650 | _aBNP MORTGAGES LTD V KEY SURVEYORS NATIONWIDE LTD | ||
| 650 | _aDAMAGES | ||
| 650 | _aFALLING MARKET | ||
| 650 | _aMORTGAGE EXPRESS LTD V BOWERMAN & PARTNERS | ||
| 650 | _aNEGLIGENCE | ||
| 650 | _aNYKREDIT MORTGAGE BANK LTD V EDWARD ERDMAN GROUP LTD | ||
| 650 | _aOVER-VALUATION | ||
| 650 | _aUNITED BANK OF KUWAIT PLC V PRUDENTIAL PROPERTY SERVICES LTD | ||
| 650 | _aVALUERS | ||
| 690 | _aRATING AND VALUATION-CASE LAW | ||
| 942 | _n0 | ||
| 948 | _c04/03/1997 | ||
| 999 |
_c6116 _d6116 |
||